000 00371pab a2200133 454500
008 180718b1998 xxu||||| |||| 00| 0 eng d
100 _aHamada, Koichi
245 _aIncentive mechanisms surrounding international financial institutions
260 _c1998
300 _ap.126-48
650 _aInternational finance
773 _aAsian Development Review
909 _a43938
999 _c43938
_d43938